Statistiques concernant Culture Générale - Série 1483

Cliquez ici pour prendre le quiz!

Statistiques générales

  • Ce quiz a été pris 47 fois
  • Le résultat moyen est 5 sur 10

Statistiques - réponses

QuestionRéponse% Correct
Quand on sollicite un travail, on envoie un C.V. c'est-à-dire un...Curriculum Vitae
93%
Quelle nageuse française, devenue championne olympique du 400 mètres nage libre à Athènes, a été entraînée par Philippe Lucas ?Laure Manaudou
81%
D'après une chanson d'Indochine de 2002, qui n'a pas l'habitude de s'occuper des cas comme ça ?la lune
72%
Quelle ville est le chef-lieu du département des Ardennes ?Charleville-Mézières
67%
Quel personnage de BD Jean Dujardin incarne-t-il en 2009, dans le dernier film de James Huth ?Lucky Luke
53%
A quel mathématicien grec du IIIe siècle avant J.-C. attribue-t-on le traité "Éléments de géométrie" ?Euclide
51%
Sous quel nom connaît-on mieux l'acteur Juan Moreno y Herrera-Jiménez ?Jean Reno
35%
Quelle actrice, prénommée Ginette, incarne la “Femme du boulanger” aux côtés de Raimu en 1938 ?Ginette Leclerc
28%
Sous quel nom connaît-on mieux l'écrivain Paul Bernard ?Tristan Bernard
9%
Avant de quitter le gouvernement, en 2009, quel était le portefeuille ministériel de Christine Boutin ?Logement
7%

Distribution des résultats

Percentile par nombre de réponses

% des personnes avec chaque résultat

Votre développement - résultats

Vous n’avez pas pris ce quiz